000 00523nam a22001817a 4500
001 sjds170146
003 sjds
005 20170717150413.0
008 170717b pr||||| |||| 00| 0 spa d
020 _a9781563283543 (pbk.)
040 _csjds
041 _aspa
100 _aSanavitis, Yvonne
245 _aA escribir se ha dicho! : de la oración al párrafo/
_cYvonne Sanavitis [and others].
260 _aSan Juan, PR :
_bPlaza Mayor,
_c2009.
300 _a247 pages :
_billustrations ;
_c27 cm
942 _2ddc
_cBK
999 _c18597
_d18597